header

mLearning (Record no. 205791)

MARC details
000 -LEADER
fixed length control field 01381nam a2200337Ia 4500
100 1# - MAIN ENTRY--AUTHOR NAME
Personal name Metcalf, David
245 10 - TITLE STATEMENT
Title mLearning
260 ## - PUBLICATION, DISTRIBUTION, ETC. (IMPRINT)
Place of publication Massachusetts :
Name of publisher HRD Press,
Year of publication 2006.
300 ## - PHYSICAL DESCRIPTION
Number of Pages viii, 157 p. :
Other physical details ill.
650 #0 - SUBJECT ADDED ENTRY--TOPICAL TERM
Topical Term Employees
Topical Term Mobile communication systems in education.
Topical Term Mobile communication systems.
Topical Term Mobile commerce.
700 1# - ADDED ENTRY--PERSONAL NAME
Personal name De Marco, John M.
856 40 - ELECTRONIC LOCATION AND ACCESS
Uniform Resource Identifier http://site.ebrary.com/lib/rucke/Doc?id=10379752

No items available.

© 2026 Rongo University
Contact us: librarian | system librarian | Rongo university